000 00608nam a22001817a 4500
005 20260420153319.0
008 260420b |||||||| |||| 00| 0 eng d
020 _a978-1118458037
082 _a658.3
_bKLI-A
100 _aKlimoski , Richard J. (Editor)
_aBeverly Dugan (Editor)
_aCarla Messikomer (Editor)
_aFrancois Chiocchio (Editor)
245 _aAdvancing Human Resource Project Management
260 _aFransisco CA.
_bPfeiffer
_c2014
300 _a590 p.
490 _aThe Professional Practice Series
500 _aIncludes Index.
650 _aHuman Resources & Personnel Management
942 _cBK
999 _c47353
_d47353